Normal view
MARC view
- COELHO, PAULO
Entry Personal Name
001 - CONTROL NUMBER
- control field: 3636
003 - CONTROL NUMBER IDENTIFIER
- control field: NUST
005 - DATE AND TIME OF LATEST TRANSACTION
- control field: 20170728115820.0
008 - FIXED-LENGTH DATA ELEMENTS
- fixed length control field: 170728|| aca||aabn | a|a d
040 ## - CATALOGING SOURCE
- Original cataloging agency: NUST
- Transcribing agency: NUST
100 ## - HEADING--PERSONAL NAME
- Personal name: COELHO, PAULO
670 ## - SOURCE DATA FOUND
- Source citation: Work cat.: (NUST)0: COELHO, PAULO, By The River Piedra I Sat Down and Wept / , 1999
